| 000 | 01100nam a22002177a 4500 | ||
|---|---|---|---|
| 999 |
_c124 _d124 |
||
| 003 | AR-CdUCM | ||
| 008 | 190221b ||||| |||| 00| 0 spa d | ||
| 020 | _a8472323021 | ||
| 040 |
_aMUNICIPALIDAD PROVINCIAL DEL CUSCO _cBIBLIOTECA MUNICIPAL DEL CUSCO |
||
| 082 |
_a868.324 / _bR84 |
||
| 100 |
_aRosales, Luis _9600 |
||
| 245 | _aCervantes y la libertad / | ||
| 260 |
_aMadrid : _bCultura Hispánica, Instituto de Cooperación Iberoamericana, _c1985. |
||
| 300 |
_a2 volúmenes ; _c21 cm. |
||
| 505 | _aContenido: v.1. La libertad soñada -- La independencia considerada como libertad -- El espíritu de evasión considerado como libertad -- Somos de la madera de los sueños -- v.2. La clave de Dulcinea -- La comedia de la personalidad -- Quijotismo y Quijanismo -- Libertad y naturalez -- Doctrina Cervantina sobre la naturaleza -- La libertad y el proyecto vital en Ortega y Gasset -- La validez y vigencia de las ideas -- La libertad textual. | ||
| 650 |
_aDon Quijote _9426 |
||
| 650 |
_aCervantes Saavedra _9601 |
||
| 650 |
_aAnálisis novela _9602 |
||
| 942 |
_2ddc _cLIBROS |
||
| 945 | _azta | ||